Singles plus: (Record no. 14779)

000 -LEADER
fixed length control field 00573nam a2200193 a 4500
001 - CONTROL NUMBER
control field :::00012613$&:&@@
003 - CONTROL NUMBER IDENTIFIER
control field OkBaRHE
005 - DATE AND TIME OF LATEST TRANSACTION
control field 20000607103421.0
008 - FIXED-LENGTH DATA ELEMENTS--GENERAL INFORMATION
fixed length control field j 000 0 eng u
040 ## - CATALOGING SOURCE
Transcribing agency
100 1# - MAIN ENTRY--PERSONAL NAME
Personal name Mossholder, Ray.
245 10 - TITLE STATEMENT
Title Singles plus:
Remainder of title The Bible and being single.
260 ## - PUBLICATION, DISTRIBUTION, ETC. (IMPRINT)
Place of publication, distribution, etc Lake Mary, FL.,
Date of publication, distribution, etc Creat
300 ## - PHYSICAL DESCRIPTION
Extent 200 p. ;
Dimensions 23 cm.
650 ## - SUBJECT ADDED ENTRY--TOPICAL TERM
Topical term or geographic name as entry element Single People
General subdivision Religious Life.
650 ## - SUBJECT ADDED ENTRY--TOPICAL TERM
Topical term or geographic name as entry element Single People.
942 ## - ADDED ENTRY ELEMENTS (KOHA)
Source of classification or shelving scheme
Koha item type Books
Copies
Withdrawn status Price effective from Not for loan Koha item type Date acquired Lost status Permanent Location Date last seen Barcode Damaged status Copy number Source of classification or shelving scheme Full call number Shelving location
 2010-04-14 Books2010-04-14 RHEMA Bible Training College2010-04-1412613 1 HQ 800 .M6General Stacks